00472nas a2200169 4500001001000000003000400010005001700014008004100031040002500072043000900097245002200106260004800128300002400176310001200200362002600212500006400238000037021DLC20240917111441.0120208c20069999dr mr1p dd 0 0spa d aDO-SdBNPbspacBNPHU anwdr00aBoletín ciudad. aSanto Domingo :bCiudad Alternativa,c2006. av. :bil. ;c28 cm. aMensual1 aNo. 1. (octubre 2006) aCatalogación realizada a partir del No. 1. (octubre 2006)